000 00649nam a2200265Ia 4500
005 20260121171608.0
008 008 260114s9999 xx 000 0 eng d
020 _a9781484255438
037 _aEBOOK
040 _aCRL
040 _beng
040 _cCRL
041 _2eng
041 _aeng
084 _qCRL
100 _aRoni Lubwama
_91078152
245 4 _aThe Inside Track to Excelling As a Business Analyst
260 _bSpringer
260 _bSpringer
260 _c2020
856 _uhttps://link.springer.com/openurl?genre=book&isbn=978-1-4842-5543-8
942 _cEBOOK
999 _c1643883
_d1643883